000 00408nam a2200181Ia 4500
001 10162
005 20260306161811.0
008 260306t1977||||xx |||||||||||||| ||spa||
041 _aESP
082 _a901
_bU73
100 _aUrban, G. R.
_eAUT
245 0 _aDiálogo con Toynbee
260 _c1977
300 _a202 páginas :
_c18 cm.
650 _aGEN
654 _aCHU
942 _cLIB
_dJUS
_fJUS
_2ddc
_n
999 _c10162
_d10162